000 00385nmm a2200145Ia 4500
008 251105s9999||||xx |||||||||||||||||und||
041 _aspa
100 _aCameron, V. M.
245 0 _aPasión Vikinga
264 _a[Madrid, España] :
_bEdiciones B,
_c2016
300 _a313 páginas
650 _aRomance
856 _uhttps://public.digitaliapublishing.com/a/53711
942 _cCF
999 _c106181
_d106181